Statistics for DC- All Earth-16 (Young Justice)Characters

Click here to take the quiz!

General Stats

  • This quiz has been taken 255 times
    (176 since last reset)
  • The average score is 56 of 240

Answer Stats

Answer% Correct
Richard 'Dick' Grayson/Robin/Nightwing
99%
Jason Todd/Robin
98%
Timothy 'Tim' Drake/Robin/Red Robin
98%
Bruce Wayne/Batman
95%
Bartholomew 'Barry' Allen I/The Flash
94%
Jason 'Jay' Garrick/The Flash
94%
Kon-El/Conner Kent/Superboy
93%
Kal-El/Clark Kent/Superman
92%
Kaldur'ahm/Aqualad
90%
Christopher Kent/Superman
89%
Wallace 'Wally' West/Kid Flash
88%
Jamie Reyes/Blue Beetle
87%
Daniel Garrett/Blue Beetle
86%
Theodore 'Ted' Kord/Blue Beetle
86%
Cassandra Sandsmark/Wondergirl
85%
Garfield Logan/Beast Boy
85%
M'gann M'orzz/Megan Morse/Miss Martian
85%
Roy Harper/Arsenal/Speedy
85%
Diana of Themyscira/Wonder Woman
83%
Oliver Queen/Green Arrow
81%
Orin/Aquaman
81%
Artemis Crock
79%
Giovanni Zatara/Doctor Fate
76%
Roy Harper Clone/Red Arrow
76%
Harold 'Hal' Jordan/Green Lantern
75%
J'onn J'onnz/Martian Manhunter
75%
Kent Nelson/Dr. Fate
75%
Barbara Gordon/Batgirl
74%
Red Tornado
74%
Guy Gardner/Green Lantern
73%
Jonathan 'John' Stewart/Green Lantern
73%
William 'Billy' Batson/Shazam
71%
Alan Scott/Green Lantern
70%
Bartholomew 'Bart' Allen II/Impulse
70%
James 'Jim' Harper/Guardian
70%
Malcolm Duncan/Guardian
69%
Alexander Luthor
68%
Dinah Laurel Lance/Black Canary
68%
Karen Beecher/Bumblebee
67%
Raymond 'Ray' Palmer/The Atom
67%
Joker
63%
Raquel Ervin/Rocket
62%
Black Manta
60%
Katar Hol/Hawkman
57%
Vandal Savage
57%
Virgil Hawkins/Static
56%
Shayera Thal/Hawkgirl
54%
Jade Nguyen/Cheshire
52%
Pamela Isley/Poison Ivy
52%
Lawrence Crock/Sportsmaster
51%
Nathaniel Adams/Cpt. Atom
50%
Ra's Al Ghul
49%
Patrick O'Brian/Plastic Man
46%
Queen Bee
46%
Slade Wilson/Deathstroke
46%
Black Beetle
44%
Augustus Freeman/Icon
43%
Zatanna Zatara
42%
Klarion
40%
Brain
39%
B'arzz O'oomm/Green Beetle
38%
Bane
37%
Mera
37%
Victor Fries/Mr. Freeze
37%
Crystal Frost/Killer Frost
35%
Garth/Aquaboy
33%
Leonard Snart/Cpt. Cold
33%
Tula
33%
Alfred Pennyworth
32%
Cameron Mahkent/Icicle Jr.
32%
Edward Nigma/The Riddler
32%
Joar Mahkent/Icicle Sr
32%
Orm Marius/Oceanmaster
32%
Teth-Adam/Black Adam
32%
Wolf
31%
Lois Lane
27%
Talia Al Ghul
27%
Matthew Hagen/Clayface
26%
Eduardo Dorado Jr
25%
Eduardo Dorado Sr
25%
Simon Jones/Psimon
25%
Amazo
23%
Red Volcano
23%
Ultra-Humanite
21%
Iris West
20%
La'gaan
20%
Marcus 'Mark' Desmond/Blockbuster
20%
Red Torpedo
20%
Cissie King-Hawke/Arrowette
19%
Amanda Waller
18%
Floyd Lawton/Deadshot
18%
Red Inferno
18%
Werner Vertigo/Count Vertigo
18%
Hugo Strange
17%
Thomas Oscar Morrow/T.O. Morrow
17%
Adam Strange
15%
Albert Michaels/Atomic Skull
14%
Baran Flinders/Mammoth
14%
Daniel Cassidy/Blue Devil
14%
Eric Needham/Black Spider
14%
Wotan
14%
Daniel 'Danny' Brickwell/Brick
13%
Lobo
13%
Harvey Dent/Two-Face
12%
James Gordon
12%
Theodore 'Ted' Grant/Wildcat
12%
Felix Faust
11%
Grodd
11%
Mercy Graves
11%
Mongul
11%
Raymond Jensen/Parasite
11%
Jeffrey Burr/Kobra
10%
Marie Logan
10%
Nabu
10%
Bear
8%
Jonathan Kent
8%
Selinda Flinders/Shimmer
8%
Teekl
8%
William Zard/Wizard
8%
Winslow Schott/Toyman
8%
Bromwell Stikk/Mr. Twister
7%
Despero
7%
Lian Nguyen-Harper
7%
Stephanie Brown/Spoiler
7%
13
6%
Anthony Ivo
6%
Citizen Abra/Abra Kadabra
6%
Dreamer
6%
G. Gordon Godfrey
6%
Greta Hayes/Secret
6%
Lucas Carr
6%
Ubu
6%
Wesley Dodds/Sandman
6%
William Hayes/Harm
6%
Desaad
5%
James 'Jimmy' Olsen
5%
Mallah
5%
Match
5%
Rita Farr
5%
Alanna
4%
Dubbilex
4%
Lucius Fox
4%
Perry White
4%
Tommy Terror
4%
Tye Longshadow
4%
Asami Koizumi
2%
Bruno Mannheim/Ugly
2%
Perdita
2%
Tuppence Terror
2%
Vykin
2%
Amanda Spence
1%
Anthony Zucco/Boss Zucco
1%
Calvin Durham
1%
Carol Ferris
1%
Congorilla
1%
Dudley H. Dudley
1%
Elizabeth 'Bette' Kane
1%
Hook
1%
Jason Bard
1%
Jefferson Pierce
1%
Martha Wayne
1%
Mary West
1%
Maxima
1%
MONQI
1%
Moonrider
1%
Nathaniel Tryon/Neutron
1%
Professor Ojo
1%
Rudolph West
1%
Sardath
1%
Serifan
1%
Serling Roquette
1%
Wade Eiling
1%
Wendy Harris
1%
Whisper A'Daire
1%
Beluga Boy
0%
Bernell Jones
0%
Bibbo Bibowski
0%
Blackbriar Thorn
0%
Boka
0%
Burton Thompson
0%
Catherine Cobert
0%
Catherine Grant
0%
Clifford Zmeck/Major Force
0%
Coral
0%
David Reid
0%
Devastion
0%
Djuba
0%
Draaga
0%
Dragon King
0%
Hamilton Hill
0%
Helena Sandsmark
0%
Henry Yarrow
0%
Holling Longshadow
0%
Ida Berkowitz
0%
Infinity-Man
0%
Inza Cramer
0%
James Daniels
0%
Jason Burr
0%
Joan Williams
0%
Jonathan 'John' Grayson
0%
Kamau
0%
King Faraday
0%
Kylstar
0%
Lori Lemaris
0%
L-Ron
0%
Madame Xanadu
0%
Malavar
0%
Margaret Adams
0%
Marvin White
0%
Mary Grayson
0%
Mattie Harcourt
0%
Nanaue Sha'ark
0%
Nnamdi
0%
Noor Harjavti
0%
Nuidis Vulko
0%
Nzame
0%
Otis
0%
Paula Nguyen
0%
Paul Sloane
0%
Pieter Cross
0%
Primat
0%
Rako
0%
Randall Adams
0%
Richard Dragon
0%
Roger Hayden/Psycho Pirate
0%
Rumaan Harjavti
0%
Sharon Vance
0%
Simeon
0%
Solovar
0%
Sumaan Harjavti
0%
Suzanne King-Jones
0%
Tawky Tawny
0%
Thomas Kalmaku
0%
Thomas Wayne
0%
Tolifhar
0%
Topo
0%
Toto
0%
Ulgo
0%
Vartox
0%
Vril Dox/Collector of Worlds
0%

Score Distribution

Percentile by Number Answered

Percent of People with Each Score

Your Score History

You have not taken this quiz since the last reset